000 03252cam a2200373 i 4500
001 a45338516
003 SIRSI
005 20250827123144.0
008 240105t20242024sp 000 1 spa d
020 _a9788439742999
_q(paperback)
029 1 _aAU@
_b000077548650
035 _a(OCoLC)1416627200
040 _aYDX
_beng
_erda
_cYDX
_dOCLCO
_dBDX
_dVA@
_dCOD
_dOCLCO
_dOCLCQ
_dC3L
_dNTG
_dOCLCO
_dJQW
_dUtOrBLW
041 _aSpanish
043 _as-ec---
_asn-----
050 4 _aPQ8220.425.J433
_bC43 2024
100 _aOjeda, Mónica,
_d1988-
_eauthor.
_1https://id.oclc.org/worldcat/entity/E39PBJqk8wpp4bvQqYgJ34q4v3
_0http://id.loc.gov/authorities/names/no2016162007
_4http://id.loc.gov/vocabulary/relators/aut
245 1 0 _aChamanes eléctricos en la fiesta del sol
_c/ Mónica Ojeda.
250 _aFirst edition
264 1 _aBarcelona :
_bRandom House,
_c2024.
264 4 _c©2024
300 _a287 pages ;
_c23 cm
520 _a"Año 5540 del calendario andino. Noa decide escaparse de su Guayaquil natal con su mejor amiga, Nicole, para asistir al Ruido Solar, un macrofestival popular que anualmente congrega, durante ocho días y siete noches, a miles de jóvenes --entre músicos, bailarines, poetas y chamanes-- a los pies de uno de los numerosos volcanes de los Andes. Atrás quedan las familias y la violencia de las ciudades, y se despliega un paisaje alucinado que tiembla al ritmo de la música y las erupciones volcánicas bajo un cielo surcado por meteoritos. Para Noa esta será la primera parada antes de ir al reencuentro del padre que la abandonó cuando era una niña y que desde hace años habita los bosques altos, un territorio donde también se esconden los desaparecidos, aquellos que una vez subieron al Ruido y nunca regresaron a sus hogares"--Cover, page 4.
520 _a"It's year 5540 on the Andean calendar. Noa decides to escape her hometown of Guayaquil with her best friend, Nicole, to attend Solar Noise, an annual eight-day festival that attracts thousands of young people - musicians, dancers, poets and shamans - to the base of one of the Andes' many volcanos. Leaving behind their families and the violence of urban life, the festivalgoers enter a hallucinatory landscape where the ground shakes to the beat of the music and volcanic rumblings, under a sky lit up by meteorites. For Noa, it's the first stop on the way to reuniting with her father, who abandoned her when she was a girl and has lived for years in the high mountain forests, rumored to be the refuge of former Solar Noise attendees who never made it back home"--Amazon.com.
546 _aIn Spanish.
650 0 _aYoung women
_zEcuador
_vFiction.
650 0 _aBest friends
_vFiction.
_0http://id.loc.gov/authorities/subjects/sh2008117475
650 0 _aFathers and daughters
_vFiction
_0http://id.loc.gov/authorities/subjects/sh2008103515
_922885
650 0 _aMissing persons
_vFiction
_0http://id.loc.gov/authorities/subjects/sh2008107165
_924148
650 0 _aFestivals
_vFiction.
_0http://id.loc.gov/authorities/subjects/sh2008120150
650 0 _aSpanish fiction
_0http://id.loc.gov/authorities/subjects/sh85126248
_911495
655 0 _aDystopian fiction
_2lcgft
_0http://id.loc.gov/authorities/genreForms/gf2014026302
_925624
942 _2lcc
999 _c4879
_d4879